| 000 | 00323nam a2200121Ia 4500 | ||
|---|---|---|---|
| 050 |
_aPL 8704 _bA2W3 2010 |
||
| 100 | _aWAMITILA,K.W. | ||
| 245 | 0 | _aWALI WA NDEVU NA HADITHI NYINGINE | |
| 260 |
_aVIDE-MUWA _bNAIROBI _c2010 |
||
| 040 | _cChuka University Library | ||
| 942 | _cBK | ||
| 008 | 230105s9999||||xx |||||||||||||| ||und|| | ||
| 999 |
_c6523 _d6523 |
||